Airlines by three-digit codes - Statistics

General Stats
  • This quiz has been taken 15 times
  • The average score is 13 of 30
Answer Stats
Code Airline % Correct
014 Air Canada
83%
006 Delta Air Lines
67%
057 Air France
58%
001 American Airlines
58%
999 Air China
50%
074 KLM
50%
220 Lufthansa
50%
117 SAS
50%
618 Singapore Airlines
50%
016 United Airlines
50%
044 Aerolineas Argentinas
42%
027 Alaska Airlines
42%
055 Alitalia
42%
002 Braniff Airways
42%
082 Brussels Airlines
42%
297 China Airlines
42%
005 Continental Airlines
42%
127 Gol
42%
957 LATAM Brasil
42%
724 SWISS
42%
235 Turkish Airlines
42%
042 VARIG
42%
343 VASP
42%
053 Aer Lingus
33%
257 Austrian Airlines
33%
075 Iberia
33%
217 Thai Airways
33%
230 Copa Air
25%
105 Finnair
25%
173 Hawaiian Airlines
25%
No matching quizzes found
Score Distribution
Percent of People with Each Score
Percentile by Number Answered
Your Score History
You have not taken this quiz